000
00311nam a22001337a 4500
008
210604b ||||| |||| 00| 0 eng d
041
_a
eng
080
_a
541
082
_a
541
100
_a
12
101
_a
KIM
245
_a
A Manual of Organic Chemistry for Advanced Students
_c
Dyson,G.M
942
_2
udc
_c
BK
999
_c
57954
_d
57954